000 00554nam a2200193Ia 4500
008 230125s9999 xx 000 0 und d
020 _a1-84112-205-X
041 _aeng
082 _a658.4092
_bAJA
100 _aAjayi O
_9110864
245 _aLeading Change
260 _c2002
_bCapstone publication
_aLondon
300 _a132p
440 _aEssential Management Thinking At Your Fingertips Series
_9107434
500 _aChange management;Series Book;Leading Series Book
700 _aAjayi O
_9110864
906 _b24
999 _c87731
_d87731